000 01358nam a2200325 a 4500
001 4871899
003 OSt
005 20230620133444.0
008 921113s1992 mdu b 100 0 eng
010 _a 92061522
020 _a0935318194 (pbk.)
040 _aDLC
_cDLC
041 1 _aeng
_hspa
043 _acl-----
082 0 0 _a320.98
_bBER
130 0 _aCultura y gobernabilidad democráticas.
_lEnglish.
245 1 0 _aDemocratic culture and governance :
_bLatin America on the threshold of the third millennium /
_cLuis Albala-Bertrand, coordinator ; authors, Garretón ... [et al.].
260 _a[Buenos Aires?] :
_bUNESCO :
_bHispamerica,
_cc1992.
300 _a159 p. ;
_c22 cm.
500 _aBased on papers from a Conference, held Nov. 27-30, 1990, in Montevideo, organized by UNESCO and the PAX Institute.
504 _aIncludes bibliographical references.
650 0 _aDemocracy
_zLatin America
_xCongresses.
650 0 _aPolitical culture
_zLatin America
_xCongresses.
651 0 _aLatin America
_xPolitics and government
_y1980-
_xCongresses.
700 2 _aAlbala-Bertrand, Luis.
700 2 _aGarretón Merino, Manuel A.
_q(Manuel Antonio)
906 _a7
_bcbc
_corignew
_d2
_eopcn
_f19
_gy-gencatlg
942 _2ddc
_cBK
999 _c1734
_d1734